| 000 | 00746nam a2200253Ia 4500 | ||
|---|---|---|---|
| 003 | OSt | ||
| 005 | 20220925231445.0 | ||
| 006 | a|||||r|||| 00| 0 | ||
| 007 | ta | ||
| 008 | 220923b |||||||| |||| 00| 0 eng d | ||
| 020 | _a8185427771 | ||
| 037 | _cGeneral Book | ||
| 040 |
_aRTL _cRTL _beng |
||
| 041 |
_2eng _aeng |
||
| 082 | _aY5.58.N4, N4.1-N4.2 | ||
| 100 | _aBettelheim Charles | ||
| 245 | 0 |
_aClass struggles in the USSR _b Third period 1930-1941 |
|
| 260 |
_aMadras _bT R Publication _c1994 |
||
| 300 |
_av, 345p+301p _ccm. |
||
| 490 | _vPt.1: Dominated (301p) | ||
| 650 |
_aSocial Stratification _9229881 |
||
| 942 |
_hY5.58.N4, N4.1-N4.2 _cGB _2CC |
||
| 999 |
_c588495 _d588495 |
||